Stadiums of 1990 FIFA World Cup with a Map - Statistics

General Stats
  • This quiz has been taken 11 times
  • The average score is 5 of 12
Answers on the Map
Answers color-coded by a green-red scale on the quiz's map according to % correct below.
 
Answer Stats
Stadium % Correct
Stadio Giuseppe Meazza
100%
Stadio Olimpico
64%
Stadio Diego Armando Maradona
55%
Stadio Artemio Franchi
45%
Stadio delle Alpi
36%
Stadio Friuli
36%
Stadio Luigi Ferraris
27%
Stadio Marcantonio Bentegodi
27%
Stadio Renato Dall'Ara
27%
Stadio Renzo Barbera
27%
Stadio San Nicola
27%
Stadio Sant'Elia
27%
No matching quizzes found
Score Distribution
Percent of People with Each Score
Percentile by Number Answered
Your Score History
You have not taken this quiz